Southville International School and Colleges
Your cart is empty.
  • Cart
  • Lists
    Public lists Eva Luna New books Lux_list list_1
    Your lists Log in to create your own lists
  • Log in to your account
  • Your cookies
  • Search history
Southville International School and Colleges
  • Advanced search
  • Recent comments
  • Most popular
  • Libraries

Log in to your account

Log in with GOOGLE


If you do not have an external account, but do have a local account, you can still log in:

  1. Home
  2. MARC view: Why the pawikan stayed home /
Normal view MARC view ISBD view

Why the pawikan stayed home / (Record no. 110577)

[ view plain ]
MARC details
000 -LEADER
fixed length control field 00516nam a2200169 a 4500
001 - CONTROL NUMBER
control field 3441
005 - DATE AND TIME OF LATEST TRANSACTION
control field 20140414131859.0
008 - FIXED-LENGTH DATA ELEMENTS--GENERAL INFORMATION
fixed length control field 060327s19uu xx 00 eng d
020 ## - INTERNATIONAL STANDARD BOOK NUMBER
International Standard Book Number 971-19-0142-0
050 ## - LIBRARY OF CONGRESS CALL NUMBER
Classification number FIL
Item number W35 1993
100 ## - MAIN ENTRY--PERSONAL NAME
Personal name Kuhonta, Ma. Michelle M.
245 ## - TITLE STATEMENT
Title Why the pawikan stayed home /
Statement of responsibility, etc story by Ma. Michelle M. Kuhonta ; Art by Kibby Bongco.
260 ## - PUBLICATION, DISTRIBUTION, ETC. (IMPRINT)
Place of publication, distribution, etc Philippines :
Name of publisher, distributor, etc Cacho Publishing House,
Date of publication, distribution, etc 1993.
300 ## - PHYSICAL DESCRIPTION
Extent 1 v. p. : ill. ; cm.
650 ## - SUBJECT ADDED ENTRY--TOPICAL TERM
Topical term or geographic name as entry element Animals
General subdivision Fiction.
Holdings
Withdrawn status Lost status Damaged status Use restrictions Home library Current library Shelving location Date acquired Source of acquisition Total Checkouts Full call number Barcode Date last seen Price effective from Koha item type
        Munich Library Munich Library Filipiniana Section 03/27/2006     FIL W35 1993 M1014 04/14/2014 04/14/2014 Books

Why the pawikan stayed home /

APA

Kuhonta M. M. M., . (1993). Why the pawikan stayed home. Philippines: Cacho Publishing House.

Chicago

Kuhonta Ma Michelle M, . 1993. Why the pawikan stayed home. Philippines: Cacho Publishing House.

Harvard

Kuhonta M. M. M., . (1993). Why the pawikan stayed home. Philippines: Cacho Publishing House.

MLA

Kuhonta Ma Michelle M, . Why the pawikan stayed home. Philippines: Cacho Publishing House. 1993.

  • Place hold
  • Print
  • Cite
  • Add to your cart (remove)
  • Save record
    BIBTEX Dublin Core MARCXML MARC (non-Unicode/MARC-8) MARC (Unicode/UTF-8) MARC (Unicode/UTF-8, Standard) MODS (XML) RIS
  • More searches
    Search for this title in:
    Other Libraries (WorldCat) Other Databases (Google Scholar) Online Stores (Bookfinder.com) Open Library (openlibrary.org)

Exporting to Dublin Core...

SOUTHVILLE LIBRARY

Southville International School and Colleges Library

1281 Tropical Ave. Cor. Luxembourg St., BF Homes International, Las Pinas City

Tel. No. 8256374 / 252358 Loc. 117/146

Powered by Koha